000 00919nam0a22002771 4500
001 RU\INFOCOMM_318\5000050420
005 20250613103416.0
035 _a(NLR Aleph) 009468064
090 _a8508995
_c8508995
100 _a20121112d1961 |||y0rusy50 ca
101 0 _aspa
102 _aRU
105 _ay z |||||
200 1 _a¡El hombre en el. espacio!
_e[Primer vuelo espaćial del astronauta sovietico Y. Gagarin]
210 _aM.
_cEd. en lenguas extranjeras
_d1961
215 _a96 с., 8 л. ил.
_cил.
_d20 см
300 _aНа обороте тит. л.: Советский человек в космосе
620 _aМосква
686 _aТав-591
_2rubbk
702 1 _9z02790
_aGagarin
_bJ. A.
_f1934-
_gJurij Alekseevič
_4570
790 1 _9z02702
_aGagarin
_bY.
_4245
801 1 _aRU
_bNLR
_c20121112
801 0 _aRU
_bINFOCOMM
_gPSBO
852 _aNLR
_jТ93 Г-3/89
942 _cBOOK
980 _aNB